书目信息 |
| 题名: |
弹性力学与塑性力学解题指导及习题集
|
|
| 作者: | 徐秉业 编 | |
| 分册: | ||
| 出版信息: | 北京 高等教育出版社 1999.10 |
|
| 页数: | 636页 | |
| 开本: | 20cm | |
| 丛书名: | ||
| 单 册: | ||
| 中图分类: | O34-44 | |
| 科图分类: | ||
| 主题词: | 固体力学 | |
| 电子资源: | ||
| ISBN: | 7-04-000454-2 | |
| 000 | 00631nam0 2200205 45 | |
| 001 | 0239172377 | |
| 005 | 2002061110525198 | |
| 010 | @a7-04-000454-2@dRMB 20.20 | |
| 100 | @a20020611d1999 km y0chiy0120 ea | |
| 101 | 0 | @achi |
| 102 | @aCN@b110000 | |
| 200 | 1 | @a弹性力学与塑性力学解题指导及习题集@ADan Xing Li Xue Yu Su Xing Li Xue Jie Ti Zhi Dao Ji Xi Ti Ji@f徐秉业编@Fxu bing ye bian |
| 210 | @a北京@c高等教育出版社@d1999.10 | |
| 215 | @a636页@d20cm | |
| 300 | @a高等学校教学参考书 | |
| 606 | 0 | @a固体力学 |
| 690 | @aO34-44@v3 | |
| 701 | 0 | @a徐秉业@Axu bing ye@4编 |
| 801 | 0 | @aCN@bPFT@c20020611 |
| 905 | @a安徽大学@dO34-44@eX670 | |
| 弹性力学与塑性力学解题指导及习题集/徐秉业编.-北京:高等教育出版社,1999.10 |
| 636页;20cm |
| 高等学校教学参考书 |
| ISBN 7-04-000454-2:RMB 20.20 |
| ● |
| 相关链接 |
|
|
|
正题名:弹性力学与塑性力学解题指导及习题集
索取号:O34-44/X670
 
预约/预借
| 序号 | 登录号 | 条形码 | 馆藏地/架位号 | 状态 | 备注 |
| 1 | 361833 | 203618335 | 自科库401/401自科库 52排3列1层/ [索取号:O34-44/X670] | 在馆 | |
| 2 | 361834 | 203618344 | 自科库401/401自科库 52排3列1层/ [索取号:O34-44/X670] | 在馆 | |
| 3 | 361835 | 203618353 | 自科库401/401自科库 52排3列1层/ [索取号:O34-44/X670] | 在馆 |